Statistics for Disney Movies

Click here to take the quiz!

General Stats

  • This quiz has been taken 134 times
  • The average score is 6 of 15

Answer Stats

Disney film% Correct
Beauty and the beast
67%
Aladdin
61%
Lion king
61%
Sleeping beauty
60%
Mulan
59%
Tangled
55%
Toy story
54%
Little mermaid
48%
Finding Nemo
34%
up
32%
Monsters inc
25%
Lady and the tramp
24%
Toy story 3
24%
Song of the south
7%
Spirited away
3%

Score Distribution

Percentile by Number Answered

Percent of People with Each Score

Your Score History

You have not taken this quiz